000 00737nam a2200277 a 4500
003 AR-BaBNM
005 20251128210813.0
008 082120s2002 ||||||||||||||000 | spa||
020 _a84-264-3409-6
040 _cAR-BaBNM
100 1 _aDoyle, Arthur Conan
245 0 0 _aTres aventuras de Sherlock Holmes
260 _aBarcelona
_bLumen
_c1994
300 _a87 p.
_bil.
490 0 _aGrandes autores bolsillo
_vv. 9
650 4 _aLITERATURA INGLESA
650 4 _aSIGLO DIECINUEVE
650 4 _aANTOLOGIAS
653 _aLITERATURA FANTASTICA
653 _aCUENTO POLICIAL
655 _aLITERATURA
700 1 _aOrtenbach, Enrique
_etraductor
700 1 _aAceytuno, Javier
_eilustrador
942 _cBK
998 _cMARTIN
999 _c16984
_d16984